| 000 | 00392nam a2200157Ia 4500 | ||
|---|---|---|---|
| 008 | 210716s2005 xx 000 0 und d | ||
| 020 | _a8180613690 | ||
| 041 | _aeng | ||
| 082 | _a574.192 VASD | ||
| 100 | _aVasudevan, DM;Sreekumari S. | ||
| 245 | _aTextbook of biochemistry. | ||
| 250 | _a4 | ||
| 260 |
_aNew Delhi _bJaypee Brothers _c2005 |
||
| 300 | _axvi,531 | ||
| 650 | _aBiochemistry | ||
| 999 |
_c187302 _d187302 |
||